00479nam a2200157 a 4500008004100000020001800041050001500059100002200074245007400096260004300170300003500213350001000248650001800258650002600276700001900302190611s2012 ||||||||||||||||| || u a9780323374743 aRC 111 Jon aStevens, Dennis L10aNetter's infectious diseasescBy Elaine C. Jong and Dennis L. Stevens aPhiladelphia:bElsevier Saundersc2012 axix, 602 pages : illustrations a83.67 3aPUBLIC HEALTH aCOMMUNICABLE DISEASES aJong, Elaine C